书目信息 |
| 题名: |
简明建筑结构设计手册
|
|
| 作者: | 浙江大学 编 | |
| 分册: | ||
| 出版信息: | 北京 中国建筑工业出版社 1980.12 |
|
| 页数: | 1075页 | |
| 开本: | 16开 | |
| 丛书名: | ||
| 单 册: | ||
| 中图分类: | TU318-62 | |
| 科图分类: | ||
| 主题词: | ||
| 电子资源: | ||
| ISBN: | 7-112-01682-7 | |
| 000 | 00532nam0 2200169 45 | |
| 001 | 0199006068 | |
| 005 | 20070118153635.37 | |
| 010 | @a7-112-01682-7@dCNY 7.10 | |
| 100 | @a19990804d1980 km y0chiy0120 ea | |
| 101 | 0 | @achi |
| 200 | 1 | @AJIAN MING JIAN ZHU JIE GOU SHE JI SHOU CE@Fzhe jiang da xue deng bian@a简明建筑结构设计手册@f浙江大学等编 |
| 210 | @a北京@c中国建筑工业出版社@d1980.12 | |
| 215 | @a1075页@c无图表@d16开 | |
| 690 | @aTU318-62 | |
| 701 | 0 | @a浙江大学@Azhe jiang da xue@4编 |
| 801 | 0 | @c20070118 |
| 905 | @dTU318-62@eZ375@f3 | |
| 简明建筑结构设计手册/浙江大学等编.-北京:中国建筑工业出版社,1980.12 |
| 1075页:无图表;16开 |
| ISBN 7-112-01682-7:CNY 7.10 |
| ● |
| 相关链接 |
|
|
|
正题名:简明建筑结构设计手册
索取号:TU318-62/Z375
 
预约/预借
| 序号 | 登录号 | 条形码 | 馆藏地/架位号 | 状态 | 备注 |
| 1 | 206957 | 202069572 | 建筑库101/101建筑库 81排2列1层/ [索取号:TU318-62/Z375] | 在馆 | |
| 2 | 445010 | 204450101 | 建筑库101/101建筑库 81排1列5层/ [索取号:TU318-62/Z375] | 在馆 | |
| 3 | 466694 | 204666940 | 自科二线404/404自科库 26排2列4层/ [索取号:TU318-62/Z375] | 在馆 | |
| 4 | 466714 | 204667146 | 自科二线404/404自科库 26排2列4层/ [索取号:TU318-62/Z375] | 在馆 |